00757nam a2200193 a 4500003000200000005001700002008004100019050003000060100002200090245012700112260009200239300004000331504004100371650003200412650003300444650002600477650003400503650002600537020250410083056.0970101s19uu xx 00 eng d aPGS HQ 784.C45b.Y68 2004 aYoung, Jessica B. aThe effects of allowing grade six students to use their cellphone during their breaks (SY 2003-2004) /cJessica B. Young. aLas Piñas City, Philippines : bSouthville International School and Colleges,c2004. a25 pages :billustrations ;c28 cm. aIncludes bibliographical references. aCell phones and children.  aCell phone use in education. aBreaks (Education).  aSchool children v Attitudes. aTechnology and youth.